| Tag |
First Indicator |
Second Indicator |
Subfields |
| LEADER |
00000cam a2200000 a 4500 |
| 001 |
in00000960010 |
| 005 |
20150927071011.0 |
| 007 |
hd afv|||baca |
| 007 |
hd bfv|||baaa |
| 008 |
870423s1679 miu a 00000 eng d |
| 035 |
|
|
|a (OCoLC)15579960
|
| 035 |
|
|
|9 AEU8445AM
|
| 037 |
|
|
|a CL0037000039
|b University Microfilms International
|
| 037 |
|
|
|b University Microfilms International, 300 N. Zeeb Rd., Ann Arbor, MI 48106
|
| 040 |
|
|
|a EAK
|c EAK
|d m/c
|d UtOrBLW
|
| 043 |
|
|
|a e-uk-en
|
| 045 |
2 |
|
|b d1660
|b d1685
|
| 049 |
|
|
|a TXAI
|
| 090 |
|
|
|a DA448
|b .E53
|
| 099 |
|
|
|a film
|a B
|a 3609
|
| 110 |
1 |
|
|a England and Wales.
|b Sovereign (1660-1685 : Charles II)
|
| 245 |
1 |
2 |
|a A proclamation against papists.
|
| 264 |
|
3 |
|a [London] :
|b Reprinted at London according to the original printed at Edinburgh, and are to be sold by Andrew Forrester ...,
|c 1679.
|
| 300 |
|
|
|a 1 broadside.
|
| 336 |
|
|
|a text
|b txt
|2 rdacontent
|
| 337 |
|
|
|a microform
|b h
|2 rdamedia
|
| 338 |
|
|
|a microfilm reel
|b hd
|2 rdacarrier
|
| 500 |
|
|
|a Signed: Al. Gibsone, Cls. Ste. Concilii.
|
| 500 |
|
|
|a Imperfect: creased, with loss of print.
|
| 500 |
|
|
|a Reproduction of original in the Huntington Library.
|
| 510 |
4 |
|
|a Wing
|c C3219
|
| 533 |
|
|
|a Microfilm.
|b Ann Arbor, Mich. :
|c University Microfilms International,
|d 1981.
|e 1 microfilm reel ; 35 mm.
|f (Early English books, 1641-1700 ; 1184:74)
|
| 500 |
|
|
|a Microform.
|
| 650 |
|
0 |
|a Popish Plot, 1678.
|
| 650 |
|
0 |
|a Anti-Catholicism
|z England.
|
| 651 |
|
0 |
|a Great Britain
|x History
|y Charles II, 1660-1685.
|
| 700 |
0 |
|
|a Charles
|b II,
|c King of England,
|d 1630-1685.
|
| 710 |
1 |
|
|a Gibson, Alexander,
|c Sir,
|d (d. 1693)
|
| 830 |
|
0 |
|a Early English books, 1641-1700 ;
|v 1184:74.
|
| 999 |
|
|
|a MARS
|
| 999 |
f |
f |
|s a81a4fd1-7538-333a-8d34-df5193600cc5
|i ed1c9de7-94f0-310d-82a3-780b5c94c79c
|t 0
|
| 952 |
f |
f |
|p default
|a Texas A&M University
|b College Station
|c Sterling C. Evans Library
|d Evans: Microforms (3rd floor)
|t 0
|e film B 3609 1184:74
|h Other scheme
|i microform -- microfilm reel
|
| 998 |
f |
f |
|a film B 3609 1184:74
|t 0
|l Evans: Microforms (3rd floor)
|